[Event "Chigorin Memorial 23rd"]
[Site "St Petersburg"]
[Date "2015.10.08"]
[Round "6"]
[White "Kashin, Yury"]
[Black "Oberholzer, Francois"]
[Result "0-1"]
[WhiteElo "1848"]
[BlackElo "2032"]
[PlyCount "102"]
[EventDate "2015.10.03"]
[EventType "swiss"]
[EventRounds "9"]
[EventCountry "RUS"]
[SourceTitle "CBM 168 Extra"]
[Source "ChessBase"]
[SourceDate "2015.10.29"]
[SourceVersion "1"]
[SourceVersionDate "2015.10.29"]
[SourceQuality "1"]

1. e4 c5 2. Bc4 e6 3. Nc3 Nc6 4. d3 Nf6 5. Bg5 Be7 6. Nf3 h6 7. Bf4 d5 8. Bb3 0-0 9. 0-0 a6 10. Re1 b5 11. a3 Bb7 12. e5 Nd7 13. Bg3 Qb6 14. Ne2 Rac8 15. c3 a5 16. Bc2 d4 17. Qd2 Rfd8 18. h4 Nf8 19. Nh2 Ng6 20. Nf3 Qc7 21. Nc1 Bf8 22. h5 Nge7 23. Nh4 c4 24. f4 Na7 25. cxd4 c3 26. bxc3 Qxc3 27. Qxc3 Rxc3 28. Bd1 Rdc8 29. Bf3 Bxf3 30. Nxf3 Nf5 31. Bf2 Rxa3 32. Rxa3 Bxa3 33. Ne2 Nc6 34. g4 Nfe7 35. Rb1 Bb4 36. Be1 Nd5 37. Kf2 a4 38. g5 a3 39. Bxb4 Ncxb4 40. Ne1 a2 41. Ra1 Ra8 42. Kf3 Ra3 43. Ke4 Rb3 44. Rc1 Rb1 45. Rc8+ Kh7 46. Nf3 Ne7 47. Re8 a1Q 48. gxh6 gxh6 49. Rxe7 Qa8+ 50. d5 Qxd5+ 51. Ke3 Qc5+ 0-1

[Event "Chigorin Memorial 23rd"]
[Site "St Petersburg"]
[Date "2015.10.03"]
[Round "1"]
[White "Kashin, Yury"]
[Black "Miroshnichenko, Pavel"]
[Result "0-1"]
[WhiteElo "1848"]
[BlackElo "2255"]
[PlyCount "110"]
[EventDate "2015.10.03"]
[EventType "swiss"]
[EventRounds "9"]
[EventCountry "RUS"]
[SourceTitle "CBM 168 Extra"]
[Source "ChessBase"]
[SourceDate "2015.10.29"]
[SourceVersion "1"]
[SourceVersionDate "2015.10.29"]
[SourceQuality "1"]

1. e4 g6 2. d4 Bg7 3. Bc4 c6 4. c3 d5 5. exd5 cxd5 6. Bd3 Nc6 7. Nf3 Nh6 8. 0-0 0-0 9. Re1 f6 10. c4 Nb4 11. Nc3 Nxd3 12. Qxd3 Bf5 13. Qe2 dxc4 14. Qxc4+ Nf7 15. Be3 Rc8 16. Qb3 Qd7 17. d5 e5 18. dxe6 Bxe6 19. Rad1 Qc6 20. Qa3 Rcd8 21. Nd4 Qc8 22. Rc1 Ne5 23. Nd5 Qd7 24. Nxe6 Qxe6 25. Nf4 Qf7 26. Rc3 f5 27. Qb3 Nc6 28. Rd3 Rxd3 29. Nxd3 Qxb3 30. axb3 Rd8 31. Nc5 Bxb2 32. Nxb7 Rb8 33. Nc5 Ba3 34. Bf4 Rb5 35. Nd7 Kf7 36. g3 Rxb3 37. h4 Rb7 38. Rd1 Ke6 39. Nf8+ Bxf8 40. Re1+ Kf7 41. Rc1 Nd4 42. Rc4 Ne2+ 43. Kf1 Nxf4 44. Rxf4 Rb4 45. Rf3 a5 46. Rc3 Rb7 47. Rc4 Bb4 48. g4 a4 49. gxf5 gxf5 50. Kg2 a3 51. Rc2 Be7 52. h5 Rb2 53. Rc6 a2 54. Ra6 Rc2 55. Kf3 Rc3+ 0-1

[Event "Moscow op-E"]
[Site "Moscow"]
[Date "2011.02.04"]
[Round "7.123"]
[White "Kashin, Yury"]
[Black "Gordievsky, Dmitry"]
[Result "0-1"]
[WhiteElo "2061"]
[BlackElo "2298"]
[PlyCount "36"]
[EventDate "2011.01.29"]
[EventType "swiss"]
[EventRounds "9"]
[EventCountry "RUS"]
[SourceTitle "EXT 2022"]
[Source "ChessBase"]
[SourceDate "2021.10.06"]
[SourceVersion "1"]
[SourceVersionDate "2021.10.06"]
[SourceQuality "1"]

1. e4 c5 2. Bc4 Nc6 3. f4 e6 4. Nc3 Nf6 5. e5 d5 6. exd6 Bxd6 7. d3 a6 8. Ne4 Be7 9. Be3 b5 10. Bb3 Nxe4 11. Qf3 Bb7 12. 0-0-0 Nf6 13. Nh3 Na5 14. Qe2 Nxb3+ 15. axb3 Nd5 16. Bd2 0-0 17. g4 a5 18. Rdg1 a4 0-1

[Event "Perm Rating November"]
[Site "Perm"]
[Date "2010.11.19"]
[Round "5"]
[White "Kashin, Yury"]
[Black "Mislavskiy, Evgeny"]
[Result "1-0"]
[WhiteElo "2020"]
[BlackElo "2116"]
[PlyCount "51"]
[EventDate "2010.11.15"]
[EventType "swiss"]
[EventRounds "7"]
[EventCountry "RUS"]
[SourceTitle "EXT 2022"]
[Source "ChessBase"]
[SourceDate "2021.10.06"]
[SourceVersion "1"]
[SourceVersionDate "2021.10.06"]
[SourceQuality "1"]

1. e4 g6 2. d4 Bg7 3. Bc4 d6 4. f4 Nf6 5. Nc3 0-0 6. Nge2 Nc6 7. 0-0 Bg4 8. h3 Bxe2 9. Bxe2 e5 10. d5 Nd4 11. f5 Nxe2+ 12. Qxe2 c5 13. Bg5 h6 14. Bh4 Kh7 15. Rf3 g5 16. Bf2 h5 17. Be3 g4 18. hxg4 hxg4 19. Rff1 Bh6 20. Bxh6 Kxh6 21. Qe3+ Kg7 22. Qg5+ Kh7 23. Kf2 Nxe4+ 24. Nxe4 Qxg5 25. Nxg5+ Kg7 26. Kg3 1-0

[Event "Perm Rating November"]
[Site "Perm"]
[Date "2010.11.17"]
[Round "3"]
[White "Goldshtein, Grigory"]
[Black "Kashin, Yury"]
[Result "0-1"]
[WhiteElo "2136"]
[BlackElo "2020"]
[PlyCount "84"]
[EventDate "2010.11.15"]
[EventType "swiss"]
[EventRounds "7"]
[EventCountry "RUS"]
[SourceTitle "EXT 2022"]
[Source "ChessBase"]
[SourceDate "2021.10.06"]
[SourceVersion "1"]
[SourceVersionDate "2021.10.06"]
[SourceQuality "1"]

1. c4 e6 2. Nc3 d5 3. d4 f5 4. cxd5 exd5 5. g3 Nf6 6. Bg2 c6 7. Nf3 Bd6 8. e3 0-0 9. Ne5 Nbd7 10. f4 Ne4 11. Nxe4 fxe4 12. Bd2 Nf6 13. Qb3 Qb6 14. Qxb6 axb6 15. 0-0 c5 16. Bc3 Bd7 17. Nxd7 Nxd7 18. Bh3 Nf6 19. Rfc1 h5 20. Be6+ Kh7 21. a3 c4 22. Bf5+ Kh8 23. Bg6 b5 24. h3 Ra6 25. Kf2 Rfa8 26. Rab1 Ra4 27. Ke2 b4 28. axb4 Bxb4 29. Kd2 b5 30. Rg1 Be7 31. Kc2 b4 32. Bd2 Ra2 33. g4 R8a3 34. g5 Nd7 35. f5 Rd3 36. Ra1 b3+ 37. Kb1 Rxa1+ 38. Kxa1 Rxd2 39. Bxh5 Rh2 40. Be8 Nb6 41. f6 gxf6 42. g6 Kg7 0-1

[Event "Gornozavodsk op"]
[Site "Gornozavodsk"]
[Date "2010.11.02"]
[Round "3"]
[White "Kashin, Yury"]
[Black "Simukov, Oleg"]
[Result "0-1"]
[WhiteElo "2010"]
[BlackElo "2137"]
[PlyCount "110"]
[EventDate "2010.11.01"]
[EventType "swiss"]
[EventRounds "10"]
[EventCountry "RUS"]
[SourceTitle "EXT 2012"]
[Source "ChessBase"]
[SourceDate "2011.11.24"]
[SourceVersion "1"]
[SourceVersionDate "2011.11.24"]
[SourceQuality "1"]

1. e4 e6 2. d4 d5 3. Bd3 a6 4. Nf3 Nc6 5. c3 Be7 6. 0-0 Nf6 7. e5 Nd7 8. Kh1 f5 9. exf6 Nxf6 10. Re1 0-0 11. Qe2 Bd6 12. Bg5 Qe8 13. Ne5 Qh5 14. Qxh5 Nxh5 15. f3 Nxe5 16. dxe5 Bc5 17. Nd2 Bd7 18. Nb3 Bb6 19. Bc2 Rae8 20. Rad1 Nf4 21. Bh4 a5 22. Rd2 Rc8 23. Nd4 c5 24. Ne2 Nxe2 25. Rexe2 Bb5 26. Re1 Bd8 27. Bxd8 Rcxd8 28. Kg1 Rf4 29. Kf2 Rdf8 30. Bd1 g5 31. h3 h5 32. Kg3 h4+ 33. Kf2 Kg7 34. b3 Bc6 35. Kg1 b6 36. Kh2 b5 37. Bc2 Rd8 38. Red1 Ra8 39. a3 Be8 40. Bd3 Rb8 41. Rc1 Bc6 42. Kg1 Be8 43. Kf2 Bg6 44. Bf1 Rf7 45. Ra1 Ra7 46. Re1 Rc7 47. Re3 a4 48. bxa4 bxa4 49. c4 d4 50. Re1 Rb3 51. Ra1 Rcb7 52. Be2 Rb2 53. Rxb2 Rxb2 54. Ke1 d3 55. Bf1 Rc2 0-1

[Event "Perm Rating September"]
[Site "Perm"]
[Date "2010.09.28"]
[Round "7"]
[White "Kashin, Yury"]
[Black "Goldshtein, Grigory"]
[Result "0-1"]
[WhiteElo "2047"]
[BlackElo "2070"]
[PlyCount "90"]
[EventDate "2010.09.20"]
[EventType "swiss"]
[EventRounds "7"]
[EventCountry "RUS"]
[SourceTitle "EXT 2022"]
[Source "ChessBase"]
[SourceDate "2021.10.06"]
[SourceVersion "1"]
[SourceVersionDate "2021.10.06"]
[SourceQuality "1"]

1. e4 c5 2. c4 e6 3. g3 g6 4. Bg2 Bg7 5. Ne2 Ne7 6. 0-0 0-0 7. d3 Nbc6 8. Nbc3 d6 9. Be3 Nd4 10. Rb1 Rb8 11. b4 b6 12. bxc5 dxc5 13. f4 Nec6 14. a4 Bb7 15. Nb5 a6 16. Nbxd4 Nxd4 17. Nxd4 Bxd4 18. Bxd4 Qxd4+ 19. Kh1 Bc6 20. a5 bxa5 21. Rxb8 Rxb8 22. Qa1 Qxa1 23. Rxa1 a4 24. e5 Bxg2+ 25. Kxg2 Rb4 26. Kf3 Kg7 27. g4 f6 28. h4 h5 29. gxh5 gxh5 30. Rg1+ Kf7 31. exf6 Kxf6 32. Ke4 a3 33. Ra1 Ra4 34. Ra2 a5 35. Ke3 Kf5 36. Kf3 e5 37. fxe5 Kxe5 38. Ke3 Kf5 39. Kf3 Rb4 40. Rxa3 a4 41. Ra1 Rb3 42. Ke3 a3 43. Rf1+ Kg4 44. Rh1 a2 45. Ra1 Kxh4 0-1

[Event "Pardubice Czech op-B 21st"]
[Site "Pardubice"]
[Date "2010.07.23"]
[Round "1"]
[White "Kashin, Yury"]
[Black "Sveshnikov, Vladimir"]
[Result "0-1"]
[WhiteElo "2012"]
[BlackElo "2391"]
[PlyCount "70"]
[EventDate "2010.07.23"]
[EventType "swiss"]
[EventRounds "9"]
[EventCountry "CZE"]
[SourceTitle "CBM 137 Extra"]
[Source "ChessBase"]
[SourceDate "2010.09.01"]
[SourceVersion "1"]
[SourceVersionDate "2010.09.01"]
[SourceQuality "1"]

1. e4 c5 2. Bc4 e6 3. Nc3 a6 4. d3 b5 5. Bb3 Bb7 6. a4 c4 7. dxc4 b4 8. Nce2 Bxe4 9. f3 Bb7 10. Be3 Nc6 11. Nh3 Nf6 12. 0-0 Qa5 13. Qd2 Bc5 14. Rfd1 Qb6 15. Bxc5 Qxc5+ 16. Nf2 Na5 17. Qd4 Qxd4 18. Rxd4 Rc8 19. f4 Ke7 20. Rad1 Rc7 21. Ng3 Rhc8 22. Re1 g6 23. Nd3 Nc6 24. Rd5 Nxd5 25. cxd5 Nd4 26. Ne4 Bxd5 27. Bxd5 Nxc2 28. Re2 Nd4 29. Re1 exd5 30. Nc3+ Kd6 31. Nxb4 Rb7 32. Ncxd5 Rc1 33. Rxc1 Ne2+ 34. Kf2 Nxc1 35. a5 Rb5 0-1

[Event "Perm op 06"]
[Site "Perm"]
[Date "2010.06.30"]
[Round "9"]
[White "Goldshtein, Grigory"]
[Black "Kashin, Yury"]
[Result "1-0"]
[WhiteElo "2154"]
[BlackElo "2132"]
[PlyCount "91"]
[EventDate "2010.06.21"]
[EventType "swiss"]
[EventRounds "9"]
[EventCountry "RUS"]
[SourceTitle "CBM 137 Extra"]
[Source "ChessBase"]
[SourceDate "2010.09.01"]
[SourceVersion "1"]
[SourceVersionDate "2010.09.01"]
[SourceQuality "1"]

1. d4 Nf6 2. c4 e6 3. g3 c5 4. d5 d6 5. Nc3 e5 6. h3 g6 7. g4 Bg7 8. e4 a6 9. Bd3 b6 10. Nge2 Bd7 11. a4 0-0 12. Ng3 Ra7 13. g5 Ne8 14. Qc2 Rb7 15. f3 Nc7 16. h4 f6 17. Qe2 Qe8 18. h5 fxg5 19. Bxg5 b5 20. axb5 axb5 21. b3 bxc4 22. Bxc4 Nb5 23. Nxb5 Bxb5 24. hxg6 hxg6 25. 0-0 Bxc4 26. bxc4 Nd7 27. Rfb1 Rb8 28. Kg2 Bf6 29. Bh6 Rf7 30. Rxb8 Qxb8 31. Be3 Rh7 32. Qa2 Nf8 33. Rb1 Qc8 34. Rh1 Rxh1 35. Kxh1 Qh3+ 36. Qh2 Qxh2+ 37. Kxh2 Nd7 38. Bd2 Bh4 39. f4 exf4 40. Bxf4 Bxg3+ 41. Kxg3 Nf6 42. Kf3 Ne8 43. Kg4 Nf6+ 44. Kg5 Nxe4+ 45. Kxg6 Nd2 46. Bxd2 1-0

[Event "Perm op 06"]
[Site "Perm"]
[Date "2010.06.28"]
[Round "7"]
[White "Tsyganov, Alexander"]
[Black "Kashin, Yury"]
[Result "1-0"]
[WhiteElo "2106"]
[BlackElo "2132"]
[PlyCount "83"]
[EventDate "2010.06.21"]
[EventType "swiss"]
[EventRounds "9"]
[EventCountry "RUS"]
[SourceTitle "CBM 137 Extra"]
[Source "ChessBase"]
[SourceDate "2010.09.01"]
[SourceVersion "1"]
[SourceVersionDate "2010.09.01"]
[SourceQuality "1"]

1. d4 Nf6 2. Bg5 Ne4 3. Bh4 d5 4. f3 Nd6 5. Nc3 Nc4 6. e4 Ne3 7. Qd3 Nxf1 8. Nxd5 c6 9. Nc3 b6 10. Nce2 Ba6 11. Qc3 Nxh2 12. Rxh2 Qd7 13. 0-0-0 e6 14. Rh3 Qd6 15. a3 Bb7 16. Bg3 Qd8 17. Nf4 Nd7 18. Nge2 Nf6 19. Nh5 Nxh5 20. Rxh5 Rc8 21. Be5 f6 22. Bg3 Qd7 23. Nf4 g5 24. Ne2 h6 25. Qb3 Rd8 26. Rhh1 Bg7 27. c4 Rf8 28. c5 b5 29. Bd6 Rh8 30. g4 Qf7 31. Ng3 Bf8 32. e5 Rh7 33. Nh5 fxe5 34. dxe5 Be7 35. Bxe7 Kxe7 36. Nf6 Rhh8 37. Rxd8 Kxd8 38. Rd1+ Kc8 39. Rd7 Qxd7 40. Nxd7 Kxd7 41. Qd3+ Kc8 42. Qg6 1-0

[Event "Perm op 06"]
[Site "Perm"]
[Date "2010.06.22"]
[Round "2"]
[White "Kashin, Yury"]
[Black "Ignashevich, Anna"]
[Result "1-0"]
[WhiteElo "2132"]
[BlackElo "1773"]
[PlyCount "69"]
[EventDate "2010.06.21"]
[EventType "swiss"]
[EventRounds "9"]
[EventCountry "RUS"]
[SourceTitle "CBM 137 Extra"]
[Source "ChessBase"]
[SourceDate "2010.09.01"]
[SourceVersion "1"]
[SourceVersionDate "2010.09.01"]
[SourceQuality "1"]

1. Nf3 d5 2. b3 c5 3. e3 Nf6 4. Bb2 Nc6 5. Bb5 Bd7 6. Bxc6 Bxc6 7. Ne5 Qd6 8. f4 Nd7 9. 0-0 Nxe5 10. fxe5 Qg6 11. d4 e6 12. Rf3 Be7 13. Ba3 b6 14. Rg3 Qh6 15. Nd2 0-0 16. Qg4 f5 17. Qe2 f4 18. exf4 Rxf4 19. Nf3 Re4 20. Qf1 a6 21. Re1 Bb5 22. c4 Bc6 23. Bc1 Qh5 24. Rxe4 dxe4 25. Ng5 Rf8 26. Qe1 cxd4 27. Nxe6 Rf7 28. Nxd4 Bc5 29. Be3 Qxe5 30. Nxc6 Bxe3+ 31. Rxe3 Qd6 32. Nb4 a5 33. Nd5 Qc5 34. h3 Rf5 35. Kh1 1-0

[Event "Perm op 02"]
[Site "Perm"]
[Date "2010.03.03"]
[Round "4"]
[White "Kashin, Yury"]
[Black "Ivanov, Rostislav"]
[Result "0-1"]
[WhiteElo "1920"]
[BlackElo "2013"]
[PlyCount "74"]
[EventDate "2010.02.27"]
[EventType "swiss"]
[EventRounds "9"]
[EventCountry "RUS"]
[SourceTitle "EXT 2011"]
[Source "ChessBase"]
[SourceDate "2010.11.26"]
[SourceVersion "1"]
[SourceVersionDate "2010.11.26"]
[SourceQuality "1"]

1. d4 d5 2. c4 c6 3. Nf3 Nf6 4. Nc3 dxc4 5. e3 Bf5 6. Bxc4 e6 7. 0-0 Bd6 8. Re1 Be7 9. e4 Bg4 10. Be3 0-0 11. h3 Bxf3 12. Qxf3 Nbd7 13. e5 Nd5 14. Nxd5 exd5 15. Bb3 Bb4 16. Re2 Qe7 17. Qg3 f5 18. Bg5 Qe6 19. a3 Ba5 20. Bc2 Bd8 21. Bf4 Rf7 22. Re3 Kh8 23. Rb3 b6 24. h4 Rb8 25. Rd1 Bc7 26. Rc3 c5 27. dxc5 bxc5 28. Rcd3 Rxb2 29. R3d2 Nb6 30. Bxf5 Qxf5 31. Rxb2 Qxf4 32. Qxf4 Rxf4 33. Re2 Kg8 34. e6 Kf8 35. Rd3 Rxh4 36. Rg3 Bxg3 37. fxg3 Re4 0-1

[Event "Perm op-A 01"]
[Site "Perm"]
[Date "2010.01.11"]
[Round "6"]
[White "Tsapalin, Sergey"]
[Black "Kashin, Yury"]
[Result "0-1"]
[WhiteElo "1970"]
[BlackElo "2067"]
[PlyCount "76"]
[EventDate "2010.01.04"]
[EventType "swiss"]
[EventRounds "9"]
[EventCountry "RUS"]
[SourceTitle "EXT 2012"]
[Source "ChessBase"]
[SourceDate "2011.11.24"]
[SourceVersion "1"]
[SourceVersionDate "2011.11.24"]
[SourceQuality "1"]

1. e4 c5 2. Nf3 Nc6 3. d4 cxd4 4. Nxd4 e5 5. Nf5 d6 6. Ne3 Nf6 7. Nc3 Be6 8. Bb5 a6 9. Ba4 b5 10. Bb3 Nd4 11. Ned5 Rc8 12. Be3 Bxd5 13. Nxd5 Nxd5 14. Bxd4 Qa5+ 15. Kf1 Nf6 16. Be3 Be7 17. f3 0-0 18. g4 Qc7 19. Qe2 Nd7 20. Kg2 Nc5 21. Bxc5 dxc5 22. Bd5 Rb8 23. c3 a5 24. b3 Rb6 25. a4 Rfb8 26. axb5 Rxb5 27. Ra4 Bd8 28. Rha1 Qe7 29. Bc4 R5b7 30. Rd1 Bb6 31. Bd5 Rd7 32. Qc4 Rbd8 33. b4 cxb4 34. cxb4 axb4 35. Rxb4 Bd4 36. Kg3 Rc7 37. Bxf7+ Qxf7 38. Qd3 Rc3 0-1

[Event "Perm op 09"]
[Site "Perm"]
[Date "2009.09.10"]
[Round "3"]
[White "Kashin, Yury"]
[Black "Chikrin, Vladimir"]
[Result "1-0"]
[WhiteElo "1964"]
[BlackElo "2039"]
[PlyCount "103"]
[EventDate "2009.09.08"]
[EventType "swiss"]
[EventRounds "7"]
[EventCountry "RUS"]
[SourceTitle "EXT 2022"]
[Source "ChessBase"]
[SourceDate "2021.10.06"]
[SourceVersion "1"]
[SourceVersionDate "2021.10.06"]
[SourceQuality "1"]

1. e4 e5 2. Nf3 Nc6 3. Bb5 a6 4. Ba4 Nf6 5. 0-0 Nxe4 6. d4 b5 7. Bb3 d5 8. dxe5 Be6 9. Nbd2 Nc5 10. c3 Nd3 11. Qe2 Nf4 12. Qe3 Ng6 13. Bc2 Be7 14. Nb3 0-0 15. Nbd4 Na5 16. b3 c5 17. Nf5 Bxf5 18. Bxf5 Qc7 19. Re1 Rfe8 20. Bb2 Nc6 21. a4 b4 22. cxb4 d4 23. Qe4 Nxb4 24. Rac1 Qb6 25. Bd7 Red8 26. e6 f6 27. Nd2 Qd6 28. Ba3 a5 29. Bb5 Qf4 30. Bxb4 axb4 31. Qxf4 Nxf4 32. g3 Nd5 33. Bc4 Nc3 34. Ra1 Ra5 35. f4 f5 36. Kf2 g6 37. Kf3 Kg7 38. h3 h5 39. g4 hxg4+ 40. hxg4 fxg4+ 41. Kxg4 Nd5 42. Bxd5 Rxd5 43. Nc4 Ra6 44. a5 Kf6 45. Nb6 Rd8 46. Nd7+ Kg7 47. Re5 Rda8 48. f5 Rxa5 49. Rxa5 Rxa5 50. f6+ Bxf6 51. Nxf6 Kxf6 52. e7 1-0